Sinh học phân tử

Saved in:
Bibliographic Details
Corporate Authors: Trường đại học Cần Thơ, Viện nghiên cứu phát triển công nghệ sinh học
Format: Book
Language:Undetermined
Published: Cần Thơ Nxb. Đại học Cần Thơ 2002
Subjects:
Tags: Add Tag
No Tags, Be the first to tag this record!
Institutions: Trung tâm Học liệu Trường Đại học Cần Thơ
LEADER 00574nam a2200181Ia 4500
001 CTU_192086
008 210402s9999 xx 000 0 und d
082 |a 572.8 
082 |b V305/T.3 
110 |a Trường đại học Cần Thơ 
110 |b Viện nghiên cứu phát triển công nghệ sinh học 
245 0 |a Sinh học phân tử 
260 |a Cần Thơ 
260 |b Nxb. Đại học Cần Thơ 
260 |c 2002 
650 |a Molecular biology 
904 |i Tuyến 
980 |a Trung tâm Học liệu Trường Đại học Cần Thơ